DRUG DISCOVERY AND EVALUATION SAFETY AND PHARMACOKINETIC ASSAYS VOL-1 (Record no. 89682)

MARC details
000 -LEADER
fixed length control field 00414nam a2200145Ia 4500
008 - FIXED-LENGTH DATA ELEMENTS--GENERAL INFORMATION
fixed length control field 220916s9999 xx 000 0 und d
020 ## - INTERNATIONAL STANDARD BOOK NUMBER
International Standard Book Number 9783642252396
100 ## - MAIN ENTRY--PERSONAL NAME
Personal name VOGEL, H. GERHARD AND MAAS, JOCHEN
245 #0 - TITLE STATEMENT
Title DRUG DISCOVERY AND EVALUATION SAFETY AND PHARMACOKINETIC ASSAYS VOL-1
250 ## - EDITION STATEMENT
Edition statement 2ND
260 ## - PUBLICATION, DISTRIBUTION, ETC.
Name of publisher, distributor, etc. SPRINGER REFERENCE, NEW YORK
Date of publication, distribution, etc. 2013
300 ## - PHYSICAL DESCRIPTION
Extent 740
650 ## - SUBJECT ADDED ENTRY--TOPICAL TERM
Topical term or geographic name entry element Pharmacology
942 ## - ADDED ENTRY ELEMENTS (KOHA)
Koha item type Book
Holdings
Withdrawn status Lost status Damaged status Not for loan Home library Current library Shelving location Date acquired Cost, normal purchase price Total Checkouts Barcode Date last seen Price effective from Koha item type Public note
        Mewar University Central Library Mewar University Central Library Pharmacy 12/01/2018 19735.00   PH2794 16/09/2022 12/01/2018 Reference Reference ph R-6 S-4